| 000 | 00627nam a22002297a 4500 | ||
|---|---|---|---|
| 003 | UA-OsUOA | ||
| 001 | 99216 | ||
| 007 | ta | ||
| 008 | 20130425b un ||||| |||| 00| 0 ukr d | ||
| 100 | _aСытин В. | ||
| 090 |
_a821. 161. 1 _bС 95 |
||
| 942 | _cBK | ||
| 040 |
_aUA-OsUOA _brus _cUA-OsUOA _dUA-OsUOA |
||
| 245 |
_aИзбранное _bрассказы и очерки |
||
| 300 | _a528 с. | ||
| 955 | _a3 | ||
| 041 | _arus | ||
| 080 | _a821. 161. 1 | ||
| 260 |
_aМ. _bСоветский писатель _c1987 |
||
| 650 | 7 |
_a82 Література. Літературознавство _2UDC |
|
| 999 |
_c385680 _d385680 |
||